Els Nivells intermedis de govern als Països Baixos : un debat permanent / Gerd Arendsen un debat permanent / Gerd Arendsen
ISBN:
978-84-9803-311-3
Publicado:
Barcelona :
Diputació de Barcelona. Àrea de Presidència. Centre per a la Innovació Local ,
2008
Descripción Física:
57 p. : taules ; 24 cm
Colección:
Estudis. Govern Local ; 9
MARC
| LEADER | 00000nam a2200000Ia 4500 | ||
|---|---|---|---|
| 001 | 21798 | ||
| 008 | 160829s2008 xx 000 0 cat d | ||
| 020 | |a 978-84-9803-311-3 | ||
| 080 | |a M-6-248 | ||
| 100 | |a Arendsen, Gerd |9 45876 | ||
| 245 | |a Els Nivells intermedis de govern als Països Baixos : |b un debat permanent / Gerd Arendsen | ||
| 260 | |a Barcelona : |b Diputació de Barcelona. Àrea de Presidència. Centre per a la Innovació Local, |c 2008 | ||
| 300 | |a 57 p. : |b taules ; |c 24 cm | ||
| 490 | |a Estudis. Govern Local ; 9 | ||
| 590 | |a Bibliografia | ||
| 650 | 0 | |a Administració local |z Països Baixos |9 28159 | |
| 650 | |a Administracio provincial |x Països Baixos |9 45877 | ||
| 650 | |a Relacions govern central-local |x Països Baixos |9 45878 | ||
| 710 | |a Barcelona (Catalunya : Província). |b Àrea de Presidència |9 52558 | ||
| 710 | 2 | |a Centre per a la Innovació Local |9 54171 | |
| 901 | |a Arxiu | ||
| 942 | |n 1 | ||
| 952 | |0 0 |1 0 |4 0 |6 M6248 |7 1 |9 52852 |a Arxiu |b Arxiu |d 2016-12-01 |l 0 |o M-6-248 |p 21798 |r 2016-12-01 00:00:00 |w 2016-12-01 |y ARXIU | ||
| 999 | |c 56701 |d 56701 | ||